Využitie prediktívnej analýzy v inteligentnom dome

Gespeichert in:
Bibliographische Detailangaben
1. Verfasser: Pintér, Richard (Verfasst von)
Weitere Verfasser: Rozinajová, Viera (Betreuung Doktorarbeit)
Format: Manuskript Buch
Sprache:Slowakisch
Veröffentlicht: 2019
Schlagworte:
Online-Zugang:http://is.stuba.sk/zp/portal_zp.pl?podrobnosti=138109
Tags: Tag hinzufügen
Keine Tags, Fügen Sie das erste Tag hinzu!

MARC

LEADER 00000ntm a22000003a 4500
001 stuzp74881
003 SK-STU
005 20190622212321.9
007 ta
008 150427s2015----xo-----f-mn---000-0-slo-d
040 |a STU  |b slo 
041 0 |a slo 
100 1 |a Pintér, Richard  |u 070200  |k Z4  |4 aut  |U FIIT Fakulta informatiky a informačných technológií  |T FIIT Ústav informatiky, informačných systémov a softvérového inžinierstva  |X 72297  |U I200  |Y 179  |7 72297 
242 0 1 |a Usage of predictive analysis in the smart house  |y eng 
245 1 0 |a Využitie prediktívnej analýzy v inteligentnom dome 
260 |c 2019 
650 4 |a inteligentný dom  |2 slo 
650 4 |a predikcia  |2 slo 
650 4 |a adaptívnosť  |2 slo 
650 4 |a smart house  |2 eng 
650 4 |a adaptation  |2 eng 
650 4 |a prediction  |2 eng 
700 1 |a Rozinajová, Viera  |u 070200  |k Z1  |4 ths  |U FIIT Fakulta informatiky a informačných technológií  |T FIIT Ústav informatiky, informačných systémov a softvérového inžinierstva  |X 110  |U I200  |Y 179  |7 110 
856 4 |u http://is.stuba.sk/zp/portal_zp.pl?podrobnosti=138109 
996 |c I*DP64/19  |l II680  |s P  |a 0  |w stuzp74881_0001